[Event "Oberliga Bayern 1415"]
[Site "Germany"]
[Date "2014.11.23"]
[Round "3.5"]
[White "Schubert, Dieter"]
[Black "Martin Fernandez, Rodrigo"]
[Result "1-0"]
[WhiteElo "2076"]
[BlackElo "2211"]
[PlyCount "63"]
[EventDate "2014.10.19"]
[EventType "team-tourn"]
[EventRounds "9"]
[EventCountry "GER"]
[SourceTitle "EXT 2016"]
[Source "ChessBase"]
[SourceDate "2015.10.08"]
[SourceVersion "1"]
[SourceVersionDate "2015.10.08"]
[SourceQuality "1"]
[WhiteTeam "Puschendorf"]
[BlackTeam "Erlangen"]
[WhiteTeamCountry "GER"]
[BlackTeamCountry "GER"]

1. d4 d5 2. c4 c6 3. Nf3 Nf6 4. Nc3 dxc4 5. a4 Bf5 6. e3 e6 7. Bxc4 Bb4 8. 0-0 0-0 9. Nh4 Bg4 10. f3 Bh5 11. g4 Nd5 12. Ng2 Bg6 13. Ne2 c5 14. dxc5 Bxc5 15. Bxd5 exd5 16. Ngf4 Nc6 17. Nxd5 Ne7 18. Nef4 Nxd5 19. Nxd5 Qd6 20. Kg2 Rfe8 21. Re1 Rac8 22. e4 h5 23. h3 hxg4 24. hxg4 Rcd8 25. Bf4 Qa6 26. Qb3 Bd6 27. Bxd6 Qxd6 28. Rad1 b6 29. Qe3 f6 30. Nf4 Qxd1 31. Rxd1 Rxd1 32. Qb3+ 1-0

[Event "Oberliga Bayern 1314"]
[Site "Bayern"]
[Date "2013.10.13"]
[Round "1.5"]
[White "Baeuml, Ulrich"]
[Black "Schubert, Dieter"]
[Result "1-0"]
[WhiteElo "2103"]
[BlackElo "2017"]
[PlyCount "149"]
[EventDate "2013.10.13"]
[EventType "team-tourn"]
[EventRounds "9"]
[EventCountry "GER"]
[SourceTitle "EXT 2015"]
[Source "ChessBase"]
[SourceDate "2014.11.20"]
[SourceVersion "1"]
[SourceVersionDate "2014.11.20"]
[SourceQuality "1"]
[WhiteTeam "Dillingen"]
[BlackTeam "Puschendorf"]
[WhiteTeamCountry "GER"]
[BlackTeamCountry "GER"]

1. c4 e6 2. g3 d5 3. Bg2 d4 4. Nf3 Nc6 5. 0-0 Nf6 6. d3 e5 7. a3 a5 8. Bg5 Be7 9. Nbd2 0-0 10. Qc2 h6 11. Bxf6 Bxf6 12. Rab1 a4 13. Rfc1 Be7 14. c5 Ra5 15. b4 axb3 16. Nxb3 Rxa3 17. Nfd2 Nb4 18. Qd1 Na2 19. Nc4 Ra6 20. Nxe5 Nxc1 21. Qxc1 Bf6 22. Nc4 Ra2 23. Bf3 b5 24. Nca5 Re8 25. Nc6 Qd7 26. Qf4 Ra4 27. Be4 Bg5 28. Qf3 Bf6 29. Qf4 Rf8 30. h4 Qg4 31. Qxg4 Bxg4 32. f3 Be6 33. Nba5 g5 34. h5 b4 35. Rxb4 Rxb4 36. Nxb4 Be7 37. Na6 Bc8 38. Nc6 Bxa6 39. Nxe7+ Kh8 40. Nf5 Bc8 41. Nxd4 f5 42. Bc6 Kg7 43. Kf2 Kf6 44. Nb5 Rf7 45. d4 Bd7 46. Bxd7 Rxd7 47. Ke3 Re7+ 48. Kd3 Ke6 49. e4 fxe4+ 50. fxe4 c6 51. Nd6 Ra7 52. Nf5 Ra3+ 53. Kc4 Ra4+ 54. Kb3 Ra1 55. Kc3 Ra3+ 56. Kd2 Ra4 57. Ke3 Ra3+ 58. Kf2 Rd3 59. Ke2 Ra3 60. g4 Ra2+ 61. Kd3 Ra3+ 62. Kc4 Ra4+ 63. Kb3 Ra1 64. Nxh6 Re1 65. e5 Rg1 66. Kc4 Rg3 67. Kb4 Kd7 68. Ng8 Ke6 69. Nf6 Rh3 70. Ka5 Rd3 71. h6 Kf7 72. h7 Kg7 73. Kb6 Rxd4 74. Kxc6 Rd8 75. Kb7 1-0

[Event "Oberliga Bayern 1213"]
[Site "Bayern"]
[Date "2013.01.13"]
[Round "5.7"]
[White "Prediger, Rupert"]
[Black "Schubert, Dieter"]
[Result "1/2-1/2"]
[WhiteElo "2143"]
[BlackElo "2058"]
[PlyCount "126"]
[EventDate "2012.10.14"]
[EventType "team-tourn"]
[EventRounds "9"]
[EventCountry "GER"]
[SourceTitle "EXT 2015"]
[Source "ChessBase"]
[SourceDate "2014.11.20"]
[SourceVersion "1"]
[SourceVersionDate "2014.11.20"]
[SourceQuality "1"]
[WhiteTeam "Pang/Rosenheim"]
[BlackTeam "Puschendorf"]
[WhiteTeamCountry "GER"]
[BlackTeamCountry "GER"]

1. e4 c5 2. Nf3 d6 3. d4 cxd4 4. Nxd4 Nf6 5. Nc3 g6 6. Be3 Bg7 7. f3 0-0 8. Qd2 Nc6 9. 0-0-0 d5 10. exd5 Nxd5 11. Nxc6 bxc6 12. Bd4 Bxd4 13. Qxd4 Qb6 14. Nxd5 cxd5 15. g3 Be6 16. Qxb6 axb6 17. a3 Rfd8 18. Rd2 Rd6 19. Bd3 Rad8 20. Re1 Kf8 21. Rde2 R8d7 22. Kd2 Rc7 23. Re5 Bc8 24. f4 Bg4 25. R5e3 f6 26. Rc1 e6 27. Rf1 Kg7 28. Rf2 Re7 29. c3 e5 30. fxe5 fxe5 31. Re1 Bh3 32. Bf1 Bf5 33. Rfe2 Kf6 34. Rf2 Kg7 35. Rfe2 Rde6 36. Bg2 e4 37. Ke3 Rc6 38. Rd2 Be6 39. Rf1 Rf7 40. Rff2 Rcc7 41. Bf1 Rxf2 42. Rxf2 Re7 43. Bb5 h5 44. a4 Bf5 45. Rd2 Re5 46. Bc6 Be6 47. b4 Kf6 48. a5 bxa5 49. bxa5 d4+ 50. cxd4 Rxa5 51. Bxe4 Ra3+ 52. Rd3 Ra2 53. Rd2 Ra3+ 54. Kf2 Bd7 55. Rb2 Ra6 56. Bb7 Rd6 57. Ke3 Bf5 58. Ra2 Kg5 59. Ra6 Rd7 60. Bc6 Re7+ 61. Kd2 h4 62. d5 hxg3 63. hxg3 Re4 1/2-1/2

[Event "Oberliga Bayern 1213"]
[Site "Bayern"]
[Date "2012.11.11"]
[Round "2.7"]
[White "Zur Lage, Julian"]
[Black "Schubert, Dieter"]
[Result "1/2-1/2"]
[WhiteElo "1986"]
[BlackElo "2058"]
[PlyCount "51"]
[EventDate "2012.10.14"]
[EventType "team-tourn"]
[EventRounds "9"]
[EventCountry "GER"]
[SourceTitle "EXT 2015"]
[Source "ChessBase"]
[SourceDate "2014.11.20"]
[SourceVersion "1"]
[SourceVersionDate "2014.11.20"]
[SourceQuality "1"]
[WhiteTeam "Muenchen Tarrasch"]
[BlackTeam "Puschendorf"]
[WhiteTeamCountry "GER"]
[BlackTeamCountry "GER"]

1. d4 Nf6 2. c4 e6 3. Nf3 Bb4+ 4. Bd2 Qe7 5. g3 Nc6 6. Nc3 Bxc3 7. Bxc3 Ne4 8. Qc2 Nxc3 9. Qxc3 0-0 10. Bg2 d6 11. 0-0 Bd7 12. Nd2 a5 13. e3 e5 14. f4 exd4 15. exd4 Qf6 16. Bxc6 Bxc6 17. Rae1 Rfe8 18. Qd3 Re7 19. Ne4 Qf5 20. Nf2 Qxd3 21. Nxd3 Rae8 22. Rxe7 Rxe7 23. Re1 Rxe1+ 24. Nxe1 Be4 25. Kf2 Bb1 26. a3 1/2-1/2

[Event "Landesliga Nord 1112"]
[Site "Bayern"]
[Date "2012.03.18"]
[Round "8.7"]
[White "Singer, Michael"]
[Black "Schubert, Dieter"]
[Result "0-1"]
[WhiteElo "1922"]
[BlackElo "2066"]
[PlyCount "52"]
[EventDate "2011.10.02"]
[EventType "team-tourn"]
[EventRounds "9"]
[EventCountry "GER"]
[SourceTitle "EXT 2015"]
[Source "ChessBase"]
[SourceDate "2014.11.20"]
[SourceVersion "1"]
[SourceVersionDate "2014.11.20"]
[SourceQuality "1"]
[WhiteTeam "Kelheim"]
[BlackTeam "Zirndorf"]
[WhiteTeamCountry "GER"]
[BlackTeamCountry "GER"]

1. c4 e5 2. g3 Nc6 3. Bg2 Bc5 4. Nc3 d6 5. Nf3 a6 6. d3 Nge7 7. a3 Ba7 8. b4 Rb8 9. b5 Nd4 10. Bd2 Nxf3+ 11. Bxf3 Bh3 12. bxa6 bxa6 13. Qa4+ Qd7 14. Qxa6 c6 15. Bg5 f6 16. Bh5+ g6 17. Ne4 0-0 18. Nxf6+ Rxf6 19. Bxf6 Rb6 20. Qa4 gxh5 21. Rc1 Ng6 22. e3 Rb2 23. Qd1 Qf5 24. Rc2 Rxc2 25. Qxc2 Qxf6 26. Qa4 Qf3 0-1

[Event "Landesliga Nord 1112"]
[Site "Bayern"]
[Date "2011.11.20"]
[Round "3.7"]
[White "Saathoff, Richard"]
[Black "Schubert, Dieter"]
[Result "1/2-1/2"]
[WhiteElo "2113"]
[BlackElo "2066"]
[PlyCount "81"]
[EventDate "2011.10.02"]
[EventType "team-tourn"]
[EventRounds "9"]
[EventCountry "GER"]
[SourceTitle "EXT 2013"]
[Source "ChessBase"]
[SourceDate "2012.11.22"]
[SourceVersion "1"]
[SourceVersionDate "2012.11.22"]
[SourceQuality "1"]
[WhiteTeam "Nuernberg Sued SW"]
[BlackTeam "Zirndorf"]
[WhiteTeamCountry "GER"]
[BlackTeamCountry "GER"]

1. e4 c5 2. Nf3 d6 3. d4 cxd4 4. Nxd4 Nf6 5. Nc3 g6 6. Be3 Bg7 7. f3 0-0 8. Qd2 Nc6 9. g4 Nxd4 10. Bxd4 Be6 11. 0-0-0 Qa5 12. a3 Rab8 13. g5 Nh5 14. Bxg7 Kxg7 15. Be2 Qe5 16. Kb1 b5 17. Qd4 Qxd4 18. Rxd4 a6 19. Nd5 Bxd5 20. exd5 Kg8 21. a4 Rb6 22. Rb4 Rfb8 23. axb5 axb5 24. b3 Ng7 25. Bd3 Ne8 26. Kb2 Nc7 27. Rd4 b4 28. Ra1 R8b7 29. Ra5 e6 30. Be4 e5 31. Rc4 Kg7 32. Rc6 Nb5 33. Ra8 Rb8 34. Ra6 Rxa6 35. Rxa6 Kf8 36. Ra4 Nc3 37. Ra7 Nb5 38. Ra4 Nc3 39. Ra7 Nb5 40. Ra6 Ke7 41. Ra4 1/2-1/2

[Event "Mittelfranken-chTB2a 1011"]
[Site "Germany"]
[Date "2010.09.26"]
[Round "1.3"]
[White "Suess, Helmut"]
[Black "Schubert, Dieter"]
[Result "1/2-1/2"]
[WhiteElo "1870"]
[BlackElo "2073"]
[PlyCount "23"]
[EventDate "2010.09.26"]
[EventType "team-tourn"]
[EventRounds "9"]
[EventCountry "GER"]
[SourceTitle "EXT 2012"]
[Source "ChessBase"]
[SourceDate "2011.11.24"]
[SourceVersion "1"]
[SourceVersionDate "2011.11.24"]
[SourceQuality "1"]
[WhiteTeam "Nuernberg NT V"]
[BlackTeam "Zirndorf II"]
[WhiteTeamCountry "GER"]
[BlackTeamCountry "GER"]

1. d4 e6 2. c4 Nf6 3. Nc3 Bb4 4. Qc2 d5 5. a3 Bxc3+ 6. Qxc3 Ne4 7. Qc2 Nc6 8. Nf3 e5 9. e3 exd4 10. Nxd4 Nxd4 11. exd4 Bf5 12. Bd3 1/2-1/2